La crimonologie a-t-telle un avenir?

Guardado en:  
Detalles Bibliográficos
Autor principal: Cusson, M. (Autor)
Tipo de documento: Print Artículo
Lenguaje:Francés
Publicado: 1988
En: Revue internationale de criminologie et de police technique et scientifique
Año: 1988, Volumen: 41, Número: 4, Páginas: 428-435
Verificar disponibilidad: HBZ Gateway
Palabras clave:

MARC

LEADER 00000caa a2200000 c 4500
001 1632151766
003 DE-627
005 20220607132429.0
007 tu
008 130612s1988 xx ||||| 00| ||fre c
035 |a (DE-627)1632151766 
035 |a (DE-576)383469600 
035 |a (DE-599)BSZ383469600 
040 |a DE-627  |b ger  |c DE-627  |e rakwb 
041 |a fre 
100 1 |a Cusson, M.  |4 aut 
245 1 3 |a La crimonologie a-t-telle un avenir?  |c M. Cusson 
264 1 |c 1988 
336 |a Text  |b txt  |2 rdacontent 
337 |a ohne Hilfsmittel zu benutzen  |b n  |2 rdamedia 
338 |a Band  |b nc  |2 rdacarrier 
773 0 8 |i In  |t Revue internationale de criminologie et de police technique et scientifique  |d Petit-Lancy : Meichtry, 1953  |g 41(1988), 4, Seite 428-435  |w (DE-627)129509078  |w (DE-600)209851-9  |w (DE-576)014915677  |x 1424-4683  |7 nnas 
773 1 8 |g volume:41  |g year:1988  |g number:4  |g pages:428-435 
951 |a AR 
ELC |b 1 
LOK |0 000 xxxxxcx a22 zn 4500 
LOK |0 001 3283878951 
LOK |0 003 DE-627 
LOK |0 004 1632151766 
LOK |0 005 20251007085929 
LOK |0 008 130612||||||||||||||||ger||||||| 
LOK |0 040   |a DE-21-110  |c DE-627  |d DE-21-110 
LOK |0 689   |a s  |a Kriminologie 
LOK |0 689   |a s  |a Elektronische Überwachung 
LOK |0 852   |a DE-21-110 
LOK |0 852 1  |m p  |9 00 
LOK |0 935   |a k110 
LOK |0 938   |k p 
LOK |0 939   |a 12-06-13  |b l01 
ORI |a SA-MARC-krimdoka001.raw